Statistics for Locations by Letter - H

Click here to take the quiz!

General Stats

  • This quiz has been taken 34,132 times
  • The average score is 12 of 20

Answer Stats

DescriptionLocation% Correct
Opposite of hellHeaven
98%
Movie-making district of L.A.Hollywood
97%
London's largest airportHeathrow
89%
Region of the Netherlands, and incorrect
name for the country as a whole
Holland
87%
Greek underworldHades
86%
Where Harry Potter went to schoolHogwarts
86%
Capital of VietnamHanoi
83%
Country where voodoo is practicedHaiti
78%
German city where the Beatles residedHamburg
72%
Where Bruce Lee grew upHong Kong
67%
English battle site of 1066Hastings
65%
You can check out any time
you like, but you can never leave
Hotel California
65%
Japan's largest islandHonshu
51%
"Star Wars" ice worldHoth
46%
Hobbit villageHobbiton
40%
Where Puff the Magic Dragon livedHonah Lee
28%
Virtual reality room on the
starship Enterprise
Holodeck
27%
Setting of "The Legend of Zelda"Hyrule
22%
Town that usurped the role of
Christmas Town
Halloween Town
19%
Marty McFly's hometownHill Valley
14%

Score Distribution

Percentile by Number Answered

Percent of People with Each Score

Your Score History

You have not taken this quiz